Welcome to CU Library Online Public Access Catalogue (OPAC)

A heart for the poor (Record no. 4744)

MARC details
000 -LEADER
fixed length control field 00345nam a22001457a 4500
005 - DATE AND TIME OF LATEST TRANSACTION
control field 20250313110010.0
008 - FIXED-LENGTH DATA ELEMENTS--GENERAL INFORMATION
fixed length control field 250313b |||||||| |||| 00| 0 eng d
020 ## - INTERNATIONAL STANDARD BOOK NUMBER
International Standard Book Number 0850656829
050 ## - LIBRARY OF CONGRESS CALL NUMBER
Classification number BV 639 SMI
100 ## - MAIN ENTRY--PERSONAL NAME
Personal name SMITH, Jim
245 ## - TITLE STATEMENT
Title A heart for the poor
260 ## - PUBLICATION, DISTRIBUTION, ETC.
Place of publication, distribution, etc. Eastbourne
Name of publisher, distributor, etc. kingsway
Date of publication, distribution, etc. 1988c
300 ## - PHYSICAL DESCRIPTION
Extent 121p
942 ## - ADDED ENTRY ELEMENTS (KOHA)
Source of classification or shelving scheme Library of Congress Classification
Koha item type Books
Suppress in OPAC No
999 ## -
-- 4744
-- 4744
Holdings
Withdrawn status Lost status Source of classification or shelving scheme Damaged status Not for loan Collection Home library Current library Shelving location Date acquired Total checkouts Full call number Barcode Date last seen Copy number Price effective from Koha item type
    Library of Congress Classification     Non-fiction Graduate Library (Christ Temple) Graduate Library (Christ Temple) General stacks 03/13/2025   BV 639 GSCT00000615 03/13/2025 1 03/13/2025 Books
© 2023-2024 Copyright: Central University Libraries. All Rights Reserved | Created by: Mahone Tech Office